000 00664nam a2200241 a 4500
005 20210219153236.0
008 991125n 000 0 u
035 _aUPN01000085348
100 _aSmith, Frank
222 _aPHI DELTA KAPPAN
245 _aLearning to read : the never-ending debate
300 _a432-441
362 _a73, No. 6, 1992
505 _aJunio 1992
653 0 _aAPROXIMACION AL LENGUAJE EN GENERAL
653 0 _aEFICACIA DEL MAESTRO
653 0 _aFONICOS
653 0 _aINSTRUCCION DE LA LECTURA
653 0 _aPROCESOS DE APRENDIZAJES
653 0 _aRELACION MAESTRO-ESTUDIANTE
904 _aAC
_b023159
905 _aArticulo
999 _c71849
_d71849